| 000 | 00886nam a22002657a 4500 | ||
|---|---|---|---|
| 003 | CHAP | ||
| 005 | 20220329135220.0 | ||
| 008 | 971013s1980 r 00010 eng d | ||
| 010 | _a32738 | ||
| 011 | _a33710 | ||
| 035 | _a37826 | ||
| 040 | _cCHAP | ||
| 090 | _aR-1877 | ||
| 100 | 0 | 0 |
_aElgersma, D. M. _936272 |
| 245 | 1 | _aAccumulation of rishitin in susceptible and resistant tomato plants after inoculation with Verticillium albo-atrum | |
| 500 | _aSobretiro de : Physiological Plant Pathology 16: 149-153, 1980 | ||
| 590 |
_aBATCH-UPD _b10 _c20130110 _lUCH01 _h0045 |
||
| 590 |
_aBATCH-UPD _b10 _c20130110 _lUCH01 _h2235 |
||
| 590 |
_aCONVERSION _b10 _c20130109 _lUCH01 _h1318 |
||
| 650 | 1 | 4 |
_aTomate _xVariedades resistentes a enfermedades. _9113778 |
| 650 | 1 | 4 |
_aVerticillium alboatrum. _9118968 |
| 901 | _aBK | ||
| 942 | _cREIMP | ||
| 949 |
_aR-1877 _bBC _cR _d-86624 _eTS1 _i37826 _si |
||
| 999 |
_c32738 _d32738 |
||